Les équipes ayant éliminé le FC Barcelone le plus de fois en Europe - Statistiques

Statistiques générales
  • Ce quiz a été pris 125 fois
  • Le résultat moyen est 8 sur 11
Statistiques - réponses
N Équipes % Correct
2 Inter
97%
3 Paris Saint-Germain
96%
4 Liverpool
93%
4 Manchester United
93%
2 Real Madrid
93%
2 Juventus
89%
3 Bayern Munich
85%
2 Chelsea
80%
2 Atlético Madrid
79%
2 Valence CF
26%
2 Steaua Bucarest
5%
Aucun quiz correspondant
Distribution des résultats
% des personnes avec chaque résultat
Percentile par nombre de réponses
Votre historique - résultats
Vous n’avez pas pris ce quiz